| 000 | 00631nam a2200205Ia 4500 | ||
|---|---|---|---|
| 003 | OSt | ||
| 005 | 20230401121054.0 | ||
| 008 | 210423s2014 xx 000 0 und d | ||
| 020 | _a8189301039 | ||
| 040 | _cAL | ||
| 041 | _aeng | ||
| 082 |
_a540.02 ROYB _223 |
||
| 100 |
_aROY (B);GAGAN (M). _944100 |
||
| 245 | _aTruemans specific series UGC-CSIR NET for JRF/lectureship chemical sciences. | ||
| 260 |
_aNew Delhi _bDanika publishing company _c2014 |
||
| 300 |
_aviii,687,60 _bPB |
||
| 365 |
_b550 _cINR |
||
| 906 | _achemical ; JRF/lectureship ; NET ; sciences. ; series ; specific ; Truemans ; UGC-CSIR | ||
| 942 |
_2ddc _cBK |
||
| 999 |
_c154945 _d154945 |
||